[Event "2nd International Chess Festiv"]
[Site "Paracin"]
[Date "2009.08.25"]
[Round "8.1"]
[White "Abramovic, Bosko"]
[Black "Stanojoski, Zvonko"]
[Result "1/2-1/2"]
[WhiteElo "2465"]
[BlackElo "2483"]
[PlyCount "40"]
[EventDate "2009.??.??"]

1. d4 Nf6 2. Nf3 e6 3. c4 d5 4. Nc3 c6 5. e3 Nbd7 6. Bd3 dxc4 7. Bxc4 b5 8. Bd3
a6 9. O-O c5 10. a4 b4 11. Ne4 Bb7 12. Ned2 Be7 13. Nc4 O-O 14. a5 Qc7 15. Re1
Rfd8 16. h3 h6 17. Qe2 Be4 18. Bxe4 Nxe4 19. Bd2 Qb7 20. Rec1 Rac8 1/2-1/2

[Event "2nd International Chess Festiv"]
[Site "Paracin"]
[Date "2009.08.25"]
[Round "8.2"]
[White "Pancevski, Filip"]
[Black "Tosic, Miroslav"]
[Result "1-0"]
[WhiteElo "2422"]
[BlackElo "2438"]
[PlyCount "55"]
[EventDate "2009.??.??"]

1. e4 c5 2. Nf3 e6 3. d3 Nc6 4. g3 d5 5. Nbd2 Nge7 6. Bg2 e5 7. O-O f6 8. c3
Be6 9. d4 cxd4 10. cxd4 exd4 11. Re1 Qd7 12. Nb3 b6 13. Nbxd4 Bf7 14. Nxc6 Qxc6
15. Nd4 Qd7 16. e5 fxe5 17. Rxe5 O-O-O 18. Bg5 Ng6 19. Re3 Re8 20. Rc1+ Kb7 21.
Rxe8 Qxe8 22. Nc6 Bc5 23. Nd8+ Kb8 24. Bxd5 Rf8 25. Bxf7 Rxf7 26. Nxf7 Qxf7 27.
Be3 Qe7 28. Bxc5 1-0

[Event "2nd International Chess Festiv"]
[Site "Paracin"]
[Date "2009.08.25"]
[Round "8.3"]
[White "Kasparov, Sergey"]
[Black "Nestorovic, Dejan"]
[Result "1/2-1/2"]
[WhiteElo "2487"]
[BlackElo "2405"]
[PlyCount "46"]
[EventDate "2009.??.??"]

1. e4 c5 2. Nf3 e6 3. d4 cxd4 4. Nxd4 a6 5. Bd3 Nf6 6. O-O d6 7. c4 Bd7 8. Nc3
Nc6 9. Be3 Be7 10. Kh1 O-O 11. Nxc6 Bxc6 12. f3 Qb8 13. a4 a5 14. Rf2 Nd7 15.
Rc1 Nc5 16. Bb1 b6 17. Rd2 Ra7 18. Bc2 Rd7 19. Bf4 Rfd8 20. Qe1 Bf6 21. Qd1 Be7
22. b3 Bf6 23. Ne2 Bb2 1/2-1/2

[Event "2nd International Chess Festiv"]
[Site "Paracin"]
[Date "2009.08.25"]
[Round "8.3"]
[White "Kojovic, Dragan"]
[Black "Janev, Evgeni"]
[Result "0-1"]
[WhiteElo "2373"]
[BlackElo "2461"]
[PlyCount "88"]
[EventDate "2009.??.??"]

1. e4 d6 2. d4 Nf6 3. Nc3 Nbd7 4. Nf3 e5 5. Bc4 Be7 6. O-O O-O 7. a4 c6 8. Qe2
exd4 9. Nxd4 Re8 10. Ba2 Bf8 11. Qc4 Ne5 12. Qe2 d5 13. Bg5 Neg4 14. h3 h6 15.
Bh4 g5 16. Bg3 Nxe4 17. Nxe4 Rxe4 18. Qd2 Nf6 19. f3 Re8 20. Rae1 Bg7 21. c3
Bd7 22. Bb1 Qb6 23. a5 Qxa5 24. b4 Qb6 25. h4 Rxe1 26. Rxe1 Re8 27. Rxe8+ Nxe8
28. hxg5 c5 29. Nb3 cxb4+ 30. Bf2 bxc3 31. Qxd5 Qe6 32. Qxb7 Bc6 33. Qb4 Qe2
34. gxh6 Qd1+ 35. Kh2 Be5+ 36. f4 c2 37. h7+ Kxh7 38. Bxc2+ Qxc2 39. Nd2 Qg6
40. Bg3 Qh5+ 41. Kg1 Qe2 42. Bf2 Qg4 43. g3 Qd1+ 44. Nf1 Qf3 0-1

[Event "2nd International Chess Festiv"]
[Site "Paracin"]
[Date "2009.08.25"]
[Round "8.5"]
[White "Ivanov, Jordan"]
[Black "Zlatanovic, Boroljub"]
[Result "1/2-1/2"]
[WhiteElo "2431"]
[BlackElo "2413"]
[PlyCount "74"]
[EventDate "2009.??.??"]

1. d4 g6 2. c4 Bg7 3. Nf3 d6 4. Nc3 e5 5. dxe5 dxe5 6. Qxd8+ Kxd8 7. Bd2 Ke8 8.
O-O-O f6 9. Rg1 Be6 10. Nb5 Na6 11. e3 Nh6 12. h3 Nf7 13. Ba5 c6 14. Nd6+ Nxd6
15. Rxd6 Kf7 16. Rd1 b6 17. Bc3 Rhd8 18. Rxd8 Rxd8 19. b4 c5 20. b5 Nb4 21.
Bxb4 cxb4 22. Be2 Rc8 23. Nd2 f5 24. Kb2 e4+ 25. Kb3 Bf8 26. f3 Rd8 27. Rd1
exf3 28. Nxf3 Rxd1 29. Bxd1 Kf6 30. Nd4 Bc5 31. Nc6 Bxe3 32. Nxb4 g5 33. Nd5+
Bxd5 34. cxd5 Ke5 35. Kc4 Bc5 36. g4 h6 37. a4 Bd6 1/2-1/2

[Event "2nd International Chess Festiv"]
[Site "Paracin"]
[Date "2009.08.25"]
[Round "8.6"]
[White "Martinovic, Slobodan"]
[Black "Brankovic, Dejan"]
[Result "1-0"]
[WhiteElo "2452"]
[BlackElo "2358"]
[PlyCount "127"]
[EventDate "2009.??.??"]

1. Nf3 Nf6 2. d4 e6 3. c4 Bb4+ 4. Bd2 c5 5. Bxb4 cxb4 6. g3 d6 7. Bg2 O-O 8.
O-O a5 9. a3 bxa3 10. Rxa3 Qc7 11. b3 Bd7 12. Nc3 Bc6 13. Qa1 b6 14. Rc1 Bb7
15. Nb5 Qd7 16. Qb2 Na6 17. Qd2 Nb4 18. Raa1 Rfd8 19. Qe3 Be4 20. Qf4 Qe7 21.
Nc3 Bc6 22. g4 Re8 23. g5 Nd7 24. Qg3 e5 25. d5 Bb7 26. Nd2 Na6 27. Nce4 Kh8
28. Bh3 Ndc5 29. Rc3 Nxe4 30. Nxe4 Nc5 31. Bg2 Nd7 32. Qh4 Bc8 33. Bh3 Nf8 34.
Bxc8 Ng6 35. Qg4 Rexc8 36. Rh3 Nf4 37. Rg3 Rc7 38. e3 Ng6 39. h4 Qd7 40. h5 Ne7
41. Qxd7 Rxd7 42. Rf3 Ng8 43. Kf1 h6 44. g6 f6 45. Nc3 Ne7 46. e4 Rf8 47. Ra4
Rc8 48. Ke2 Kg8 49. Kd3 Kf8 50. Rh3 Ke8 51. f4 Rdc7 52. Nb5 Rd7 53. f5 Ra8 54.
Rh2 Nc8 55. Rha2 Na7 56. Nc3 Rc8 57. b4 Rdc7 58. bxa5 b5 59. Nxb5 Nxb5 60. cxb5
Rc3+ 61. Kd2 Rh3 62. R4a3 Rh2+ 63. Ke3 Rh3+ 64. Kf2 1-0

[Event "2nd International Chess Festiv"]
[Site "Paracin"]
[Date "2009.08.25"]
[Round "8.7"]
[White "Zivkovic, Ivan B"]
[Black "Simantsev, Mikhail"]
[Result "1-0"]
[WhiteElo "2341"]
[BlackElo "2527"]
[PlyCount "97"]
[EventDate "2009.08.19"]

1. e4 c5 2. Nf3 e6 3. d4 cxd4 4. Nxd4 a6 5. Bd3 Nf6 6. O-O d6 7. c4 b6 8. Nc3
Bb7 9. Qe2 g6 10. f4 Bg7 11. Kh1 O-O 12. f5 Qe7 13. fxe6 fxe6 14. e5 Nfd7 15.
Rxf8+ Nxf8 16. exd6 Qxd6 17. Nf3 Nbd7 18. Ne4 Qc7 19. Be3 Rc8 20. Rc1 Nc5 21.
Nxc5 bxc5 22. Bf2 Bxf3 23. gxf3 Be5 24. Bg1 Rd8 25. Rd1 Bd4 26. Be4 Qe5 27. Bf2
Qf6 28. Bg3 g5 29. b3 Ng6 30. Bb7 e5 31. Bd5+ Kg7 32. Qe4 h5 33. h3 Kh6 34. Rd2
Ne7 35. Re2 Ng6 36. Rg2 Rf8 37. Re2 Qe7 38. Rg2 Qd7 39. Kh2 Rf4 40. Qe1 Rf8 41.
Be4 Nf4 42. Bxf4 exf4 43. Qa5 Qd6 44. b4 Rf6 45. b5 axb5 46. cxb5 Re6 47. Qa8
c4 48. Qg8 Qe7 49. Rxg5 1-0

[Event "2nd International Chess Festiv"]
[Site "Paracin"]
[Date "2009.08.25"]
[Round "8.8"]
[White "Solomunovic, Igor"]
[Black "Ristic, Nebojsa B"]
[Result "1/2-1/2"]
[WhiteElo "2421"]
[BlackElo "2364"]
[PlyCount "129"]
[EventDate "2009.08.19"]

1. e4 e6 2. d4 d5 3. exd5 exd5 4. c4 dxc4 5. Bxc4 Bb4+ 6. Nc3 Nf6 7. Nf3 O-O 8.
O-O c6 9. h3 h6 10. Ne5 Bd6 11. Qb3 Qc7 12. Bf4 b5 13. Bxb5 Nh5 14. Bh2 cxb5
15. Nxb5 Qb6 16. Nxd6 Qxd6 17. Qf3 Ba6 18. Qxa8 Bxf1 19. Rxf1 Qxd4 20. Qb7 Nf6
21. Nf3 Qd7 22. Qxd7 Nbxd7 23. Rc1 Nd5 24. Rc6 N7b6 25. a3 Rd8 26. Be5 Nc8 27.
Bd4 f6 28. b3 Kf7 29. Bc5 Ke8 30. Nd4 Kd7 31. Ra6 Nc7 32. Ra5 a6 33. b4 g6 34.
Nb3 Kc6 35. Be3 g5 36. Rc5+ Kd7 37. Rc2 Re8 38. Rd2+ Kc6 39. Nd4+ Kb7 40. Nf5
h5 41. g4 hxg4 42. hxg4 Re4 43. Rd4 Rxd4 44. Bxd4 Nd5 45. Ne3 Nce7 46. Nxd5
Nxd5 47. Kg2 Kc6 48. Kf3 Kd6 49. Ke4 Ke6 50. f3 Ne7 51. a4 f5+ 52. gxf5+ Nxf5
53. Be3 Nd6+ 54. Kd3 Nf7 55. Kc4 Ne5+ 56. Kc5 Nd3+ 57. Kb6 Kf5 58. Bd2 Nb2 59.
Kxa6 Nxa4 60. Kb5 Nb2 61. Bc3 Nd3 62. Bd2 g4 63. fxg4+ Kxg4 64. Kc4 Nxb4 65.
Kxb4 1/2-1/2

[Event "2nd International Chess Festiv"]
[Site "Paracin"]
[Date "2009.08.25"]
[Round "8.9"]
[White "Lapcevic, Milos"]
[Black "Stojkovic, Miroljub"]
[Result "1-0"]
[WhiteElo "2390"]
[BlackElo "2226"]
[Annotator ",compaq"]
[PlyCount "169"]
[EventDate "2009.08.19"]

1. d4 Nf6 2. c4 e6 3. Nc3 Bb4 4. Bg5 h6 5. Bh4 c5 6. d5 d6 7. f3 exd5 8. cxd5
O-O 9. e4 Nbd7 10. Nge2 Ne5 11. a3 Ba5 12. Bf2 Ng6 13. Nc1 Qe7 14. Nb3 Bxc3+
15. bxc3 Nxe4 16. fxe4 Qxe4+ 17. Qe2 Qxd5 18. c4 Qc6 19. Qf3 Qa4 20. Be2 Be6
21. Nd2 b5 22. cxb5 c4 23. O-O Qxb5 $11 24. Rab1 Qa6 25. Bd4 Rab8 26. Qc3 Rxb1
27. Rxb1 Ne5 28. Bxe5 dxe5 29. Qxe5 Qxa3 30. Nxc4 Qa2 31. Rb2 Qa4 32. Ne3 Qa1+
33. Kf2 a5 34. Rb5 Qxe5 35. Rxe5 Ra8 36. Nc4 a4 37. Re3 Bxc4 38. Bxc4 a3 39.
Ba2 Kf8 40. Rf3 Ra7 41. Ke1 g6 42. Kd1 Kg7 43. Kc2 f5 44. Kb3 Kf6 45. Re3 f4
46. Re2 h5 47. Kb4 Kf5 48. Be6+ Kf6 49. Bb3 Kf5 50. Bc2+ Kf6 51. Ba4 g5 52.
Kxa3 g4 53. Kb4 Kg5 54. Re5+ Kf6 55. Rxh5 f3 56. gxf3 gxf3 57. Rh3 Kg5 58. Rxf3
Kh4 59. Bb3 Re7 60. h3 Re4+ 61. Kc5 Kg5 62. Kd6 Re1 63. Be6 Kh5 64. Ke7 Kg5 65.
Rf5+ Kg6 66. Rf8 Kg7 67. Rg8+ Kh7 68. Rg4 Rf1 69. Bf7 Rf3 70. h4 Ra3 71. Kf6
Rf3+ 72. Ke7 Ra3 73. Rg5 Ra6 74. h5 Ra7+ 75. Kf8 Ra8+ 76. Be8 Rb8 77. Rg7+ Kh8
78. Rg2 Ra8 79. Ke7 Ra7+ 80. Kf6 Ra6+ 81. Kg5 Kg7 82. Bg6 Ra5+ 83. Bf5 Ra6 84.
Rb2 Ra7 85. Rb8 1-0

[Event "2nd International Chess Festiv"]
[Site "Paracin"]
[Date "2009.08.25"]
[Round "8.10"]
[White "Bojovic, Dusan"]
[Black "Radlovacki, Jovan"]
[Result "0-1"]
[WhiteElo "2286"]
[BlackElo "2380"]
[PlyCount "84"]
[EventDate "2009.08.19"]

1. e4 d5 2. exd5 Qxd5 3. Nc3 Qd8 4. d4 Nf6 5. Nf3 Bg4 6. Bc4 e6 7. Bg5 c6 8.
Qd2 Bxf3 9. gxf3 Be7 10. O-O-O Nbd7 11. Rhg1 Nb6 12. Be2 g6 13. Ne4 Nxe4 14.
fxe4 Bxg5 15. Rxg5 Qc7 16. h4 O-O-O 17. h5 Rd7 18. f4 Rhd8 19. Qe3 Kb8 20. c3
Nc8 21. f5 exf5 22. exf5 Re7 23. Qf3 f6 24. Rg2 g5 25. Bc4 Nb6 26. Be6 Nd5 27.
Bxd5 Rxd5 28. c4 Rd8 29. Rc2 Qd6 30. d5 Re5 31. Kb1 Qd7 32. Qc3 Qxf5 33. Ka1
cxd5 34. Rcd2 Rc8 35. Qb4 Rxc4 36. Qd6+ Ka8 37. a3 a6 38. Rxd5 Rxd5 39. Rxd5
Rc1+ 40. Ka2 Qb1+ 41. Kb3 Qc2+ 42. Kb4 Qxb2+ 0-1

[Event "2nd International Chess Festiv"]
[Site "Paracin"]
[Date "2009.08.25"]
[Round "8.11"]
[White "Mladenovic, Stefan"]
[Black "Mrkonjic, Nenad"]
[Result "0-1"]
[WhiteElo "1978"]
[BlackElo "2370"]
[PlyCount "116"]
[EventDate "2009.08.19"]

1. e4 d5 2. exd5 Qxd5 3. Nc3 Qa5 4. Nf3 Nf6 5. Bc4 e6 6. Qe2 Be7 7. d4 c6 8.
O-O b5 9. Bb3 b4 10. Ne4 Ba6 11. Nxf6+ gxf6 12. Bc4 Bxc4 13. Qxc4 Qd5 14. Qxd5
cxd5 15. c3 Nc6 16. Bf4 Kd7 17. Rfc1 Rhc8 18. c4 dxc4 19. Rxc4 Na5 20. Rxc8
Rxc8 21. Rc1 Rxc1+ 22. Bxc1 b3 23. axb3 Nxb3 24. Be3 a5 25. Kf1 Kc6 26. Ke2 Kd5
27. Kd3 Bb4 28. Ng1 e5 29. Ne2 e4+ 30. Kc2 Kc4 31. d5 a4 32. Bf4 Kxd5 33. Nc3+
Bxc3 34. Kxc3 Nc5 35. Be3 Nd3 36. b4 a3 37. Kb3 Nxb4 38. Kxa3 Kc4 39. Kb2 f5
40. g3 Kd3 41. Kb3 Nd5 42. Bc5 h5 43. Bd6 Nf6 44. h3 Nd5 45. Bb8 f4 46. gxf4 f5
47. Bd6 e3 48. fxe3 Kxe3 49. Kc2 Nxf4 50. Kd1 Nxh3 51. Ke1 Kf3 52. Kf1 Nf2 53.
Kg1 Ng4 54. Kh1 f4 55. Be7 Kg3 56. Bd6 h4 57. Bc5 h3 58. Bf2+ Nxf2+ 0-1

[Event "2nd International Chess Festiv"]
[Site "Paracin"]
[Date "2009.08.25"]
[Round "8.12"]
[White "Maksimovic, Branimir"]
[Black "Grujic, Nebojsa"]
[Result "1-0"]
[WhiteElo "2421"]
[BlackElo "2214"]
[PlyCount "63"]
[EventDate "2009.08.19"]

1. d4 e6 2. Nf3 f5 3. c4 d5 4. e3 c6 5. Bd3 Nf6 6. O-O Bd6 7. b3 O-O 8. Ba3 Ne4
9. Bxd6 Qxd6 10. Ne5 Nd7 11. Nxd7 Bxd7 12. Nd2 Nxd2 13. Qxd2 Rf6 14. c5 Qc7 15.
f4 Kh8 16. b4 a6 17. a4 Rg8 18. b5 axb5 19. axb5 g5 20. Qa5 Qc8 21. Rf2 Qe8 22.
Qc7 Bc8 23. bxc6 bxc6 24. Ra7 Qg6 25. fxg5 Rff8 26. Rb2 Rg7 27. Qxg7+ Qxg7 28.
Rxg7 Kxg7 29. Rb8 Kf7 30. Kf2 Ke7 31. Kg3 Kd7 32. Ba6 1-0

[Event "2nd International Chess Festiv"]
[Site "Paracin"]
[Date "2009.08.25"]
[Round "8.13"]
[White "Djosic, Slavoljub"]
[Black "Milenkovic, Mladen"]
[Result "1-0"]
[WhiteElo "2258"]
[BlackElo "2336"]
[PlyCount "84"]
[EventDate "2009.08.19"]

1. b4 d5 2. Bb2 Bf5 3. Nf3 e6 4. e3 Nf6 5. a3 Bd6 6. Be2 Nbd7 7. Nh4 Qe7 8.
Nxf5 exf5 9. c4 dxc4 10. Bxc4 Qe4 11. Bf1 O-O 12. Nc3 Qe6 13. Be2 f4 14. Nb5
Ne5 15. Nxd6 cxd6 16. O-O Qf5 17. exf4 Qxf4 18. g3 Qf5 19. f4 Ned7 20. Qb3 d5
21. Bf3 h5 22. Rae1 Rfe8 23. d3 Rac8 24. Bd4 a6 25. Kg2 h4 26. Qd1 h3+ 27. Kg1
Nf8 28. Re5 Qd7 29. Rg5 N8h7 30. Bg4 Qc6 31. Bxc8 Rxc8 32. Re5 Qb5 33. Rf5 Rc6
34. Re1 a5 35. g4 axb4 36. g5 Nd7 37. Re7 Rg6 38. Rfxf7 Ndf6 39. Rxb7 Qa6 40.
Kh1 Qxa3 41. gxf6 gxf6 42. Rxh7 Qa2 1-0

[Event "2nd International Chess Festiv"]
[Site "Paracin"]
[Date "2009.08.25"]
[Round "8.14"]
[White "Lazic, Dragoljub"]
[Black "Kasparova, Tatiana"]
[Result "0-1"]
[WhiteElo "2317"]
[BlackElo "2169"]
[PlyCount "100"]
[EventDate "2009.08.19"]

1. e4 c6 2. d4 d5 3. Nd2 dxe4 4. Nxe4 Bf5 5. Ng3 Bg6 6. h4 h6 7. Nf3 Nd7 8. h5
Bh7 9. Bd3 Bxd3 10. Qxd3 e6 11. Bf4 Bb4+ 12. c3 Be7 13. Ne4 Ngf6 14. Nd6+ Bxd6
15. Bxd6 Qa5 16. Bb4 Qd5 17. c4 Qe4+ 18. Qxe4 Nxe4 19. Rh4 Nef6 20. Ne5 Nxe5
21. dxe5 Nd7 22. Bd6 O-O-O 23. O-O-O c5 24. Rg4 Rhg8 25. Kc2 b6 26. Rd3 f6 27.
f4 fxe5 28. fxe5 Nf8 29. Ra3 Rd7 30. Rag3 Nh7 31. Rg6 Ng5 32. Kd3 Rf7 33. Ke2
Rd8 34. R3xg5 hxg5 35. Rxg5 Kd7 36. b4 cxb4 37. Bxb4 a6 38. Bd2 b5 39. cxb5
axb5 40. a3 Kc6 41. g4 Rd4 42. Rg6 Re4+ 43. Kd3 Kd5 44. g5 Rg4 45. Bb4 Kxe5 46.
Bc3+ Kf5 47. Bxg7 Rxg5 48. Rxg5+ Kxg5 49. h6 Kg6 50. Kd4 Rf5 0-1

[Event "2nd International Chess Festiv"]
[Site "Paracin"]
[Date "2009.08.25"]
[Round "8.15"]
[White "Nestorovic, Lazar"]
[Black "Markovic, Marko"]
[Result "1/2-1/2"]
[WhiteElo "2240"]
[BlackElo "2312"]
[PlyCount "40"]
[EventDate "2009.08.19"]

1. d4 d5 2. Nf3 Nf6 3. e3 g6 4. Bd3 Bg7 5. O-O O-O 6. b3 Nbd7 7. Bb2 c6 8. Nbd2
Re8 9. e4 dxe4 10. Nxe4 Nxe4 11. Bxe4 Nf6 12. Bd3 Bf5 13. Re1 Bxd3 14. Qxd3 Qa5
15. a3 Rad8 16. Rad1 Qf5 17. h3 Qxd3 18. Rxd3 Nd5 19. g3 Kf8 20. c4 Nb6 1/2-1/2

[Event "2nd International Chess Festiv"]
[Site "Paracin"]
[Date "2009.08.25"]
[Round "8.16"]
[White "Popovic, Djordje D"]
[Black "Arandjelovic, Aleksandar Z"]
[Result "1-0"]
[WhiteElo "2308"]
[BlackElo "2113"]
[PlyCount "67"]
[EventDate "2009.08.19"]

1. d4 f5 2. g3 Nf6 3. Bg2 g6 4. Nf3 Bg7 5. O-O d6 6. d5 c5 7. c4 O-O 8. Nc3 Na6
9. Rb1 Rb8 10. b3 Bd7 11. a4 Nb4 12. Re1 Ng4 13. Bb2 a6 14. Qd2 Bh6 15. Qd1 b5
16. axb5 axb5 17. cxb5 Qb6 18. h3 Nf6 19. Nd2 Bxb5 20. Nc4 Bxc4 21. bxc4 Ra8
22. e4 f4 23. e5 Nd7 24. exd6 fxg3 25. fxg3 Qxd6 26. Ne4 Qa6 27. Qe2 Rae8 28.
Kh2 Rf7 29. Bc3 Ref8 30. h4 Qa3 31. Bh3 Rf2+ 32. Nxf2 Qxc3 33. Bxd7 Bg7 34. Ne4
1-0

[Event "2nd International Chess Festiv"]
[Site "Paracin"]
[Date "2009.08.25"]
[Round "8.17"]
[White "Pantic, Ivica"]
[Black "Popovic, Aleksandar M"]
[Result "1-0"]
[WhiteElo "2197"]
[BlackElo "2300"]
[PlyCount "53"]
[EventDate "2009.08.19"]

1. d4 Nf6 2. c4 g6 3. Nc3 Bg7 4. e4 O-O 5. Be2 d6 6. Nf3 e5 7. Be3 Nc6 8. d5
Ne7 9. Nd2 c5 10. O-O h6 11. a3 g5 12. b4 b6 13. Nb3 Ng6 14. g3 Bh3 15. Re1 Qd7
16. f3 Kh8 17. Qd2 Rg8 18. Nd1 g4 19. Bxh6 gxf3 20. Bxf3 Ng4 21. Bxg7+ Rxg7 22.
Nf2 Nxf2 23. Kxf2 Rf8 24. Ke2 f5 25. Qh6+ Rh7 26. Qxg6 Rg8 27. Qf6+ 1-0

[Event "2nd International Chess Festiv"]
[Site "Paracin"]
[Date "2009.08.25"]
[Round "8.18"]
[White "Radusinovic, Lazar"]
[Black "Ravic, Nenad"]
[Result "1/2-1/2"]
[WhiteElo "2185"]
[BlackElo "2283"]
[Annotator ",compaq"]
[PlyCount "116"]
[EventDate "2009.08.19"]

1. d4 Nf6 2. Nf3 c5 3. g3 b6 4. Bg2 Bb7 5. O-O g6 6. b3 Bg7 7. Bb2 O-O 8. c4
$11 cxd4 9. Bxd4 Nc6 10. Bb2 d5 11. cxd5 Nxd5 12. Bxg7 Kxg7 13. Qd2 e6 14. Nc3
Nxc3 15. Qxc3+ Qf6 16. Qxf6+ Kxf6 17. Nd2 Rad8 18. Rfd1 Ke7 19. Rac1 Rc8 20. e3
Na5 21. Rxc8 Rxc8 22. Bxb7 Nxb7 23. Nc4 Rd8 24. Rxd8 Nxd8 25. Kf1 b5 26. Na3 a6
27. Ke2 Kd6 28. Kd3 Kc5 29. Nc2 Nc6 30. a3 Ne5+ 31. Ke2 a5 32. f4 Nc6 33. Kd3
e5 34. Ne1 f5 35. e4 Nd4 36. fxe5 fxe4+ 37. Kxe4 Nxb3 38. Nf3 b4 39. axb4+ axb4
40. Ng5 Nd4 41. Kd3 h5 42. e6 Nc6 43. Ne4+ Kd5 44. Ng5 Kd6 45. Kc4 Ke7 46. h4
Kf6 47. Kd5 Ne7+ 48. Kd6 Nf5+ 49. Kd7 b3 50. Ne4+ Ke5 51. Nd2 b2 52. Nc4+ Ke4
53. Nxb2 Kf3 54. Nd3 Kxg3 55. Ne5 Kxh4 56. Nxg6+ Kg5 57. Ne5 Kf6 58. Nf3 Ne7
1/2-1/2

[Event "2nd International Chess Festiv"]
[Site "Paracin"]
[Date "2009.08.25"]
[Round "8.19"]
[White "Rossi, Aldo A"]
[Black "Rajcevic, Stevan"]
[Result "1/2-1/2"]
[WhiteElo "2311"]
[BlackElo "2146"]
[Annotator ",compaq"]
[PlyCount "77"]
[EventDate "2009.08.19"]

1. f4 d5 2. Nf3 Nf6 3. g3 c6 4. Bg2 Qb6 5. e3 Bg4 6. h3 Bxf3 7. Qxf3 e6 8. d3
Nbd7 9. O-O e5 10. Nc3 h5 11. Kh1 Bd6 12. Qf2 exf4 13. exf4 Qxf2 14. Rxf2 O-O-O
15. Bd2 Rde8 16. Re2 Rxe2 17. Nxe2 Re8 18. Bf3 a6 19. Kg2 Nb6 20. a4 Kc7 21. b4
Ra8 22. Bc3 Be7 23. g4 hxg4 24. hxg4 g5 25. fxg5 Nh7 26. g6 fxg6 27. Nf4 g5 28.
Ne6+ Kd6 29. Re1 Bf6 30. Bxf6 Nxf6 31. Ng7 Kd7 32. c4 dxc4 33. dxc4 Rg8 34.
Rd1+ Kc8 35. Ne6 Re8 36. Rd6 Nbd7 37. b5 cxb5 38. cxb5 axb5 39. axb5 {...
necitko} 1/2-1/2

[Event "2nd International Chess Festiv"]
[Site "Paracin"]
[Date "2009.08.25"]
[Round "8.20"]
[White "Stefanovic, Vladimir"]
[Black "Dinic, Dragan"]
[Result "1/2-1/2"]
[WhiteElo "2177"]
[BlackElo "2310"]
[PlyCount "39"]
[EventDate "2009.08.19"]

1. Nf3 Nf6 2. g3 g6 3. Bg2 Bg7 4. O-O O-O 5. c4 d5 6. d4 dxc4 7. Nc3 c6 8. Ne5
Nd5 9. Nxc4 Nxc3 10. bxc3 c5 11. e3 Nc6 12. Ba3 cxd4 13. cxd4 Re8 14. Rc1 Bd7
15. Qe2 e5 16. Nxe5 Nxe5 17. dxe5 Bxe5 18. Bb2 Bxb2 19. Qxb2 Rb8 20. Rc3
1/2-1/2

[Event "2nd International Chess Festiv"]
[Site "Paracin"]
[Date "2009.08.25"]
[Round "8.21"]
[White "Milosevic, Aleksandar"]
[Black "Blazeka, Damjan"]
[Result "1-0"]
[WhiteElo "2280"]
[BlackElo "1969"]
[PlyCount "91"]
[EventDate "2009.08.19"]

1. Nf3 Nf6 2. c4 g6 3. g3 Bg7 4. Bg2 O-O 5. O-O d6 6. Nc3 e5 7. d3 Nc6 8. Bg5
h6 9. Bxf6 Bxf6 10. Nd2 Ne7 11. b4 c6 12. Qb3 Be6 13. b5 Bg7 14. bxc6 bxc6 15.
Rab1 Rb8 16. Qa3 Qc7 17. Rfc1 f5 18. Nd5 Bxd5 19. cxd5 c5 20. Rb3 Rb6 21. Rcb1
Rfb8 22. Nc4 Rxb3 23. Rxb3 Rxb3 24. Qxb3 Nc8 25. Qb5 Bf6 26. h4 Kf7 27. h5 g5
28. e4 fxe4 29. Bxe4 Nb6 30. Bg6+ Kg7 31. Ne3 Qd7 32. Nf5+ Kf8 33. Qxd7 Nxd7
34. Nxd6 Nb6 35. Be4 a5 36. Kf1 Na4 37. Nc4 Nc3 38. a3 Nb5 39. Ke1 a4 40. Kd2
Nd4 41. g4 Ke7 42. Kc1 Nb3+ 43. Kb2 Bg7 44. Nb6 Nd2 45. Nxa4 c4 46. Kc2 1-0

[Event "2nd International Chess Festiv"]
[Site "Paracin"]
[Date "2009.08.25"]
[Round "8.7"]
[White "Cvetanovic, Uros"]
[Black "Dudukovic, Nikola"]
[Result "1/2-1/2"]
[WhiteElo "2164"]
[BlackElo "2260"]
[PlyCount "51"]
[EventDate "2009.??.??"]

1. Nc3 c5 2. Nf3 d5 3. e4 d4 4. Ne2 Nc6 5. Ng3 Nf6 6. Bc4 e6 7. d3 Bd6 8. O-O
O-O 9. Ne1 a6 10. f4 b5 11. Bb3 Bc7 12. Nh5 Na5 13. f5 Nxh5 14. Qxh5 exf5 15.
exf5 Nxb3 16. axb3 f6 17. Bf4 Bb7 18. Bxc7 Qxc7 19. Nf3 Rfe8 20. Rae1 Qf7 21.
Qxf7+ Kxf7 22. Kf2 a5 23. Rxe8 Kxe8 24. Nd2 Kd7 25. g4 Bd5 26. Ra1 1/2-1/2

[Event "2nd International Chess Festiv"]
[Site "Paracin"]
[Date "2009.08.25"]
[Round "8.23"]
[White "Radosavljevic, Slobodan D"]
[Black "Tausanov, Mihail"]
[Result "1-0"]
[WhiteElo "2248"]
[BlackElo "1914"]
[Annotator ",compaq"]
[PlyCount "91"]
[EventDate "2009.08.19"]

1. Nf3 c5 2. g3 g6 3. Bg2 Bg7 4. O-O Nc6 5. c4 Nf6 6. Nc3 O-O 7. a3 a6 8. Rb1
Rb8 9. b4 cxb4 10. axb4 b5 11. cxb5 axb5 12. d4 d6 13. d5 Ne5 14. Nd4 Bd7 15.
Nc6 Bxc6 16. dxc6 Qc7 17. Bg5 Nxc6 18. Rc1 Ne5 19. Nxb5 Qd7 20. Nc3 Rxb4 21.
Bxf6 Bxf6 22. Nd5 Rb2 23. Rc7 Qb5 24. f4 Ng4 25. e3 Nxe3 26. Nxe3 Qb6 27. Qc1
Rb3 28. Re1 Bb2 29. Qc6 Qa5 30. Kf1 Rc3 31. Nc4 Qf5 32. Qe4 Qh5 33. Qe2 Qxh2
34. Rxe7 Bc1 35. Ne3 Qxg3 36. Nd5 Rc5 37. Qf3 Qxf3+ 38. Bxf3 Bxf4 39. Nf6+ Kh8
40. Nd7 Rc3 41. Bd5 Rfc8 42. Rxf7 Be5 43. Nxe5 dxe5 44. Rxe5 R3c7 45. Ree7 Rxe7
46. Rxe7 {...necitko} 1-0

[Event "2nd International Chess Festiv"]
[Site "Paracin"]
[Date "2009.08.25"]
[Round "8.24"]
[White "Bulatovic, Nikola"]
[Black "Dimitrijevic, Radmilo"]
[Result "1/2-1/2"]
[WhiteElo "2111"]
[BlackElo "2228"]
[PlyCount "41"]
[EventDate "2009.08.19"]

1. e4 c5 2. Nf3 Nc6 3. d4 cxd4 4. Nxd4 g6 5. Nc3 Bg7 6. Nb3 Nf6 7. Be2 d6 8.
O-O O-O 9. f4 Be6 10. Bf3 a5 11. a4 Bxb3 12. cxb3 Qb6+ 13. Kh1 Rac8 14. Re1 Qd4
15. Bd2 Nb4 16. Nb5 Qf2 17. Re2 Qb6 18. Bc3 Rfd8 19. Bd4 Qa6 20. Rd2 Nc6 21.
Bf2 1/2-1/2

[Event "2nd International Chess Festiv"]
[Site "Paracin"]
[Date "2009.08.25"]
[Round "8.25"]
[White "Sarenac, David"]
[Black "Vebel, Goran"]
[Result "1-0"]
[WhiteElo "2227"]
[BlackElo "2081"]
[PlyCount "49"]
[EventDate "2009.08.19"]

1. e4 c5 2. Nf3 d6 3. d4 cxd4 4. Nxd4 Nf6 5. Nc3 g6 6. Be3 Bg7 7. f3 O-O 8. Qd2
Nc6 9. Bc4 Bd7 10. O-O-O Rc8 11. Bb3 Ne5 12. Kb1 Nc4 13. Bxc4 Rxc4 14. g4 Qa5
15. g5 Nh5 16. Nd5 Qd8 17. Ne2 f5 18. gxf6 Nxf6 19. e5 Nh5 20. Bg5 Qe8 21.
Nxe7+ Kh8 22. Qxd6 Bc6 23. Nd4 Bxf3 24. Nxf3 Rxf3 25. Qd5 1-0

[Event "2nd International Chess Festiv"]
[Site "Paracin"]
[Date "2009.08.25"]
[Round "8.27"]
[White "Grkovic, Milan"]
[Black "Gagic, Miroljub"]
[Result "1-0"]
[WhiteElo "2137"]
[BlackElo "1895"]
[PlyCount "79"]
[EventDate "2009.08.19"]

1. d4 d5 2. c4 e6 3. Nc3 Nf6 4. Bg5 Nbd7 5. e3 Bb4 6. Qc2 O-O 7. Bd3 h6 8. Bh4
c5 9. cxd5 exd5 10. Nf3 c4 11. Bf5 Qa5 12. O-O Re8 13. Bg3 Bxc3 14. bxc3 Nb6
15. Bxc8 Raxc8 16. Bd6 Nbd7 17. Rab1 Qa6 18. Bb4 Qe6 19. a4 Ne4 20. Ba3 b6 21.
Rb5 h5 22. Ne1 Rc6 23. Bc1 f5 24. h4 Ndf6 25. g3 Rc7 26. Ng2 g6 27. Nf4 Qf7 28.
Ba3 Rc6 29. a5 bxa5 30. Rxa5 Rb8 31. Bb4 Kg7 32. Rfa1 Rb7 33. Qa4 Rcc7 34. Ra6
Kh7 35. Ra2 g5 36. Ne6 gxh4 37. Nxc7 hxg3 38. Ne6 gxf2+ 39. Rxf2 Nxf2 40. Ng5+
1-0